Statistics for Most Common Last Names in England

Click here to take the quiz!

General Stats

  • This quiz has been taken 3,135 times
    (3,133 since last reset)
  • The average score is 7 of 19

Answer Stats

England% Correct
Smith
96%
Jones
75%
Brown
57%
Johnson
53%
Williams
48%
White
45%
Green
36%
Jackson
30%
Taylor
28%
Roberts
27%
Thompson
26%
Davies
25%
Wilson
25%
Evans
18%
Robinson
16%
Walker
13%
Wright
13%
Wood
12%
Hall
10%

Score Distribution

Percentile by Number Answered

Percent of People with Each Score

Your Score History

You have not taken this quiz since the last reset